Información industrial /

Este libro es una síntesis de las actas del Simposio Internacional sobre Desarrollo Industrial (Atenas, Nov-Dic, 1967). Incluye los siguientes temas generales: Sistemas establecidos de información para la industria; Información industrial para los países en desarrollo; Cuestiones de política y neces...

Szczegółowa specyfikacja

Zapisane w:
Opis bibliograficzny
Korporacja: ONUDI
Format: Książka
Język:hiszpański
Wydane: Nueva York, EUA : UNIDO, 1969
Seria:(Monografías de la ONUDI sobre el Desarrollo Industrial ; 13)
Hasła przedmiotowe:
Etykiety: Dodaj etykietę
Nie ma etykietki, Dołącz pierwszą etykiete!

MARC

LEADER 00000nam^a2200000^a^4500
001 000020625
005 20250521000000.0
009 20260310084346.188
037 |a Acervo ITESO - Biblioteca 
041 |a ESP 
082 |a 338. 09  |b ORG 
110 |a ONUDI 
245 1 0 |a Información industrial /  |c UNIDO. 
264 1 |a Nueva York, EUA :  |b UNIDO,  |c 1969 
300 |a 61 p. 
336 |a texto  |b txt  |2 rdacontenido 
337 |a sin mediación  |b n  |2 rdamedio 
338 |a volumen  |b nc  |2 rdasoporte 
440 1 |a (Monografías de la ONUDI sobre el Desarrollo Industrial ;  |v 13) 
520 |a Este libro es una síntesis de las actas del Simposio Internacional sobre Desarrollo Industrial (Atenas, Nov-Dic, 1967). Incluye los siguientes temas generales: Sistemas establecidos de información para la industria; Información industrial para los países en desarrollo; Cuestiones de política y necesidades; Cuestiones, debate y recomendaciones suscitadas en el simposio; Acción de las Naciones Unidas para promover la transmisión de información industrial a países en desarrollo. 
649 |a XX 
650 |a Países Subdesarrollados 
650 |a Industria 
650 |a Desarrollo Económico-Social 
650 |a Economía 
910 |a Fondo General 
920 |a Impresos - Libros 
930 |a Colección General 
905 |a 101 
901 |a 0206250100  |b IT1  |c ACC  |i 020625  |u 20250521 
902 |a https://opac.biblio.iteso.mx/vufind/Record/000020625